[Event "Irkutsk Ermolaev Memorial 6th"]
[Site "Irkutsk"]
[Date "2012.08.08"]
[Round "8"]
[White "Ivakin, Valery"]
[Black "Anisimov, Aleksandr A"]
[Result "0-1"]
[WhiteElo "1837"]
[BlackElo "1688"]
[PlyCount "130"]
[EventDate "2012.08.01"]
[EventType "swiss"]
[EventRounds "9"]
[EventCountry "RUS"]
[SourceTitle "CBM 149 Extra"]
[Source "ChessBase"]
[SourceDate "2012.08.24"]
[SourceVersion "1"]
[SourceVersionDate "2012.08.24"]
[SourceQuality "1"]

1. d4 d5 2. c4 c6 3. Nc3 Nf6 4. e3 e6 5. a3 a6 6. c5 Be7 7. Bd3 0-0 8. Nge2 Nbd7 9. f4 b5 10. 0-0 Ne8 11. e4 dxe4 12. Bxe4 Bb7 13. Ng3 Nc7 14. b4 Nf6 15. Bc2 g6 16. Nge4 Ncd5 17. Rf3 a5 18. Bb2 axb4 19. Nxf6+ Bxf6 20. Nxd5 Qxd5 21. axb4 Rfd8 22. Rd3 Rxa1 23. Bxa1 Ra8 24. Rd2 Qc4 25. Qb1 Ra2 26. Bb2 Qxb4 27. Qxa2 Qxd2 28. Qb1 Bxd4+ 29. Bxd4 Qxd4+ 30. Kh1 Qxc5 31. Be4 f5 32. Bf3 Kf7 33. h3 Qd4 34. Qc1 b4 35. Qc2 Qxf4 36. Qc5 b3 37. Qb6 Qc1+ 38. Kh2 b2 39. Qc7+ Kf6 40. Qd8+ Ke5 41. Qh8+ Kd6 42. Qd8+ Kc5 43. Qe7+ Kd4 44. Qd6+ Kc3 45. Qc5+ Kd3 46. Qd6+ Kc2 47. Qc5+ Kb1 48. Qb4 Qc2 49. Qe1+ Qc1 50. Qb4 c5 51. Qxb7 Qf4+ 52. g3 Qd2+ 53. Bg2 Kc1 54. Qb5 b1Q 55. Qxc5+ Qbc2 56. Qa3+ Kd1 57. Qa1+ Qcc1 58. Qa4+ Ke1 59. Qb5 Qxg2+ 60. Kxg2 Qc2+ 61. Kh1 Qe4+ 62. Kg1 Qe3+ 63. Kh1 Qf3+ 64. Kg1 Qf2+ 65. Kh1 Qf1+ 0-1

[Event "Zhukovsky-A 02"]
[Site "Zhukovsky"]
[Date "2011.02.09"]
[Round "3"]
[White "Anisimov, Aleksandr A"]
[Black "Kuznetsov, Yuriy"]
[Result "0-1"]
[WhiteElo "1689"]
[BlackElo "1803"]
[PlyCount "46"]
[EventDate "2011.02.09"]
[EventType "swiss"]
[EventRounds "9"]
[EventCountry "RUS"]
[SourceTitle "EXT 2022"]
[Source "ChessBase"]
[SourceDate "2021.10.06"]
[SourceVersion "1"]
[SourceVersionDate "2021.10.06"]
[SourceQuality "1"]

1. d4 d5 2. g3 Nf6 3. Bg2 b6 4. Nf3 Bb7 5. 0-0 e6 6. Bg5 Be7 7. Bxf6 Bxf6 8. Nbd2 Nd7 9. c4 0-0 10. Re1 c5 11. e4 dxc4 12. e5 Be7 13. Nxc4 Qc7 14. dxc5 Nxc5 15. Qc2 Rac8 16. Nd6 Bxd6 17. Ng5 g6 18. exd6 Qxd6 19. Bxb7 Nxb7 20. Qb3 Qe7 21. Nxe6 fxe6 22. Rxe6 Qf7 23. Rae1 Nc5 0-1

[Event "Zhukovsky-A 02"]
[Site "Zhukovsky"]
[Date "2011.02.09"]
[Round "7"]
[White "Beliy, Gennady"]
[Black "Anisimov, Aleksandr A"]
[Result "1-0"]
[WhiteElo "1904"]
[BlackElo "1689"]
[PlyCount "81"]
[EventDate "2011.02.09"]
[EventType "swiss"]
[EventRounds "9"]
[EventCountry "RUS"]
[SourceTitle "EXT 2022"]
[Source "ChessBase"]
[SourceDate "2021.10.06"]
[SourceVersion "1"]
[SourceVersionDate "2021.10.06"]
[SourceQuality "1"]

1. d4 d5 2. Nc3 Nf6 3. Bg5 e6 4. e4 h6 5. Bxf6 gxf6 6. Bd3 Rg8 7. Qf3 Nc6 8. Nge2 Nb4 9. 0-0-0 Nxd3+ 10. Rxd3 c6 11. exd5 exd5 12. Re3+ Be6 13. Nf4 Bb4 14. Nxe6 fxe6 15. Rxe6+ Kf7 16. Rhe1 Bxc3 17. bxc3 Rg6 18. Qh5 Qg8 19. f4 Kg7 20. Re7+ Kh8 21. f5 Rg7 22. Re8 Kh7 23. Rxg8 Raxg8 24. g3 Rf8 25. Re6 Rff7 26. Qe2 a6 27. Re8 Rd7 28. Qe6 Rgf7 29. g4 Kg7 30. h4 Rc7 31. g5 hxg5 32. hxg5 a5 33. g6 Rfd7 34. Rg8+ Kh6 35. Qxf6 Kh5 36. Rh8+ Kg4 37. Rh4+ Kf3 38. Qe5 Kf2 39. Qf4+ Ke1 40. Rh2 Rh7 41. Qf2# 1-0

[Event "Zhukovsky op-B 05"]
[Site "Zhukovsky"]
[Date "2010.05.14"]
[Round "7"]
[White "Anisimov, Aleksandr A"]
[Black "Migur, Dmitriy"]
[Result "1-0"]
[WhiteElo "1696"]
[BlackElo "1551"]
[PlyCount "135"]
[EventDate "2010.05.14"]
[EventType "swiss"]
[EventRounds "9"]
[EventCountry "RUS"]
[SourceTitle "EXT 2022"]
[Source "ChessBase"]
[SourceDate "2021.10.06"]
[SourceVersion "1"]
[SourceVersionDate "2021.10.06"]
[SourceQuality "1"]

1. e4 e6 2. d4 d5 3. Nc3 dxe4 4. Nxe4 Nd7 5. Bb5 Ngf6 6. Bg5 Be7 7. Nc5 c6 8. Bxf6 Nxf6 9. Ba4 Bxc5 10. dxc5 Qa5+ 11. c3 Qxc5 12. Nf3 0-0 13. 0-0 Nd5 14. Qd3 h6 15. Rfe1 Re8 16. Re5 f6 17. Rh5 Qe7 18. Bc2 f5 19. g3 e5 20. Bb3 Rd8 21. Qe2 e4 22. Nh4 Qf6 23. Rd1 Kh7 24. Bxd5 cxd5 25. Qe3 g5 26. Ng2 Qg6 27. Qe2 Be6 28. Kh1 f4 29. gxf4 g4 30. Re5 g3 31. f5 Bxf5 32. Rdxd5 Rxd5 33. Rxd5 Bg4 34. Qe3 gxf2 35. Qxf2 Bf3 36. Rd7+ Kg8 37. Qg3 Qxg3 38. hxg3 e3 39. Re7 e2 40. Kg1 Rd8 41. Ne1 Rd1 42. Kf2 Bg4 43. Rxb7 Rd2 44. c4 Kf8 45. c5 Ke8 46. a3 Kd8 47. b4 Rd7 48. Rxd7+ Kxd7 49. Nc2 Kc6 50. Nd4+ Kd5 51. Nxe2 Kc4 52. Nc1 Kb5 53. Ke3 Ka4 54. Kd4 Kxa3 55. b5 Kb4 56. b6 axb6 57. cxb6 Bf3 58. Nd3+ Kb5 59. Ne5 Bg2 60. Nf7 h5 61. b7 Bxb7 62. Nd6+ Kc6 63. Nxb7 Kxb7 64. Ke5 Kc7 65. Kf6 Kd7 66. Kg5 h4 67. Kxh4 Ke6 68. Kg5 1-0

[Event "Zhukovsky op-B 05"]
[Site "Zhukovsky"]
[Date "2010.05.14"]
[Round "8"]
[White "Podymov, Nikolay"]
[Black "Anisimov, Aleksandr A"]
[Result "0-1"]
[WhiteElo "1398"]
[BlackElo "1696"]
[PlyCount "58"]
[EventDate "2010.05.14"]
[EventType "swiss"]
[EventRounds "9"]
[EventCountry "RUS"]
[SourceTitle "EXT 2022"]
[Source "ChessBase"]
[SourceDate "2021.10.06"]
[SourceVersion "1"]
[SourceVersionDate "2021.10.06"]
[SourceQuality "1"]

1. e4 c5 2. Nc3 Nc6 3. Nf3 g6 4. Bc4 Bg7 5. 0-0 e6 6. Re1 Nge7 7. Bb5 0-0 8. Bxc6 bxc6 9. d3 f5 10. e5 Nd5 11. Bd2 Ba6 12. Rb1 f4 13. b3 g5 14. h3 Rf5 15. Na4 d6 16. d4 c4 17. Qe2 dxe5 18. bxc4 Nb6 19. Nxb6 axb6 20. dxe5 Bb7 21. Rb2 b5 22. Bc3 c5 23. cxb5 Ra3 24. Qc4 Qb6 25. Rd1 Bd5 26. Qe2 Rxc3 27. a4 Ra3 28. c4 Bxf3 29. Qxf3 Rxf3 0-1

[Event "Zhukovsky op-B 05"]
[Site "Zhukovsky"]
[Date "2010.05.14"]
[Round "3"]
[White "Tselyutin, Viktor"]
[Black "Anisimov, Aleksandr A"]
[Result "1-0"]
[WhiteElo "1845"]
[BlackElo "1696"]
[PlyCount "119"]
[EventDate "2010.05.14"]
[EventType "swiss"]
[EventRounds "9"]
[EventCountry "RUS"]
[SourceTitle "EXT 2022"]
[Source "ChessBase"]
[SourceDate "2021.10.06"]
[SourceVersion "1"]
[SourceVersionDate "2021.10.06"]
[SourceQuality "1"]

1. e4 c5 2. d4 cxd4 3. c3 dxc3 4. Nxc3 e6 5. Nf3 Bb4 6. Qd4 Bxc3+ 7. Qxc3 Nf6 8. Bd3 Nc6 9. Bg5 Qa5 10. Rc1 Qxc3+ 11. Rxc3 Nb4 12. Bb1 0-0 13. a3 Nc6 14. 0-0 d5 15. exd5 exd5 16. Rc5 Be6 17. b4 Rac8 18. Rfc1 a6 19. Bh4 h6 20. h3 Nd7 21. R5c2 Nde5 22. Nxe5 Nxe5 23. Bg3 Nc4 24. a4 Rc6 25. a5 Rfc8 26. f3 Bf5 27. Rxc4 Rxc4 28. Rxc4 Rxc4 29. Bxf5 Rxb4 30. Be1 Rb3 31. Kf1 Kf8 32. Ke2 Ke7 33. Bc2 Rb2 34. Kd2 Ra2 35. Kc1 Ra1+ 36. Bb1 Ra4 37. Kb2 Rd4 38. Bc2 Ke6 39. Kc3 Rc4+ 40. Kd3 h5 41. Bd2 Rc6 42. Bc3 g6 43. Bb3 b5 44. Kd4 Rd6 45. Bb4 Rd8 46. Bc5 Rd7 47. f4 h4 48. Bd1 Rb7 49. Bb3 Rd7 50. Bc2 f5 51. Bb6 g5 52. fxg5 Rg7 53. Bd8 Rd7 54. Bf6 Rc7 55. Bb3 Rd7 56. Be5 b4 57. g6 f4 58. g7 Rd8 59. g8Q+ Rxg8 60. Bxd5+ 1-0

[Event "Zhukovsky op-B 05"]
[Site "Zhukovsky"]
[Date "2010.05.14"]
[Round "5"]
[White "Vatolin, Aleksey"]
[Black "Anisimov, Aleksandr A"]
[Result "1-0"]
[WhiteElo "1647"]
[BlackElo "1696"]
[PlyCount "33"]
[EventDate "2010.05.14"]
[EventType "swiss"]
[EventRounds "9"]
[EventCountry "RUS"]
[SourceTitle "EXT 2022"]
[Source "ChessBase"]
[SourceDate "2021.10.06"]
[SourceVersion "1"]
[SourceVersionDate "2021.10.06"]
[SourceQuality "1"]

1. e4 e5 2. Nf3 d6 3. d4 exd4 4. Nxd4 Nf6 5. Nc3 Be7 6. Bf4 0-0 7. Bc4 b6 8. 0-0 Bb7 9. Re1 Nc6 10. Nf5 Qd7 11. Qf3 Ne5 12. Bxe5 dxe5 13. Qg3 g6 14. Rad1 Bd6 15. Nh6+ Kg7 16. Qg5 Qe7 17. Nf5+ 1-0

[Event "Zhukovsky Elo-B 12"]
[Site "Zhukovsky"]
[Date "2008.12.03"]
[Round "4"]
[White "Leschenko, Wjatcheslaw"]
[Black "Anisimov, Aleksandr A"]
[Result "0-1"]
[WhiteElo "1644"]
[BlackElo "1727"]
[PlyCount "38"]
[EventDate "2008.12.03"]
[EventType "swiss"]
[EventRounds "9"]
[EventCountry "RUS"]
[SourceTitle "EXT 2022"]
[Source "ChessBase"]
[SourceDate "2021.10.06"]
[SourceVersion "1"]
[SourceVersionDate "2021.10.06"]
[SourceQuality "1"]

1. c4 c5 2. Nc3 Nc6 3. Nf3 b6 4. e3 e5 5. Be2 Be7 6. d4 exd4 7. exd4 cxd4 8. Nxd4 Bb7 9. Bf3 Bf6 10. Ncb5 Bxd4 11. Nd6+ Kf8 12. Bxc6 Bxc6 13. Qxd4 Qf6 14. Qxf6 Nxf6 15. f3 Ke7 16. Nf5+ Kf8 17. b3 Re8+ 18. Kf2 Re5 19. Ba3+ Ke8 0-1

[Event "Zhukovsky Cup"]
[Site "Zhukovsky"]
[Date "2008.??.??"]
[Round "6"]
[White "Morozov, Boris Nikolaevich"]
[Black "Anisimov, Aleksandr A"]
[Result "1-0"]
[WhiteElo "1998"]
[BlackElo "1737"]
[PlyCount "86"]
[EventDate "2008.04.21"]
[EventType "swiss"]
[EventRounds "9"]
[EventCountry "RUS"]
[SourceTitle "EXT 2022"]
[Source "ChessBase"]
[SourceDate "2021.10.06"]
[SourceVersion "1"]
[SourceVersionDate "2021.10.06"]
[SourceQuality "1"]

1. e4 e5 2. Nf3 d6 3. d4 exd4 4. Nxd4 Bd7 5. Nc3 Nc6 6. Be3 a6 7. a4 Be7 8. h3 Bg5 9. Qd2 Bxe3 10. Qxe3 Nf6 11. Bc4 0-0 12. 0-0 Re8 13. Nde2 Be6 14. Bd3 Nb4 15. Ng3 Bd5 16. Qg5 Be6 17. f4 Nxd3 18. cxd3 Nd7 19. Qh5 Qf6 20. Qf3 Nc5 21. Kh2 Nb3 22. Rad1 Nd4 23. Qf2 Nc6 24. f5 Bb3 25. Rd2 Qd4 26. Qf4 f6 27. Kh1 Bxa4 28. Nge2 Qb4 29. Nd5 Qc5 30. Nxc7 Nd4 31. Nxa8 Nxe2 32. Rxe2 Bb5 33. Rc1 Qb4 34. Nc7 Bxd3 35. Nxe8 Bxe2 36. Nxd6 Kf8 37. Rc7 Qb3 38. Rf7+ Kg8 39. Rxb7 Qd1+ 40. Kh2 Kf8 41. Rb8+ Ke7 42. Nc8+ Ke8 43. Nb6+ Ke7 1-0

[Event "Zhukovsky Naukograd-C"]
[Site "Zhukovsky"]
[Date "2007.04.01"]
[Round "7"]
[White "Bogdanov, Ivan"]
[Black "Anisimov, Aleksandr A"]
[Result "1-0"]
[WhiteElo "1839"]
[BlackElo "1723"]
[PlyCount "51"]
[EventDate "2007.04.01"]
[EventType "tourn"]
[EventRounds "11"]
[EventCountry "RUS"]
[SourceTitle "EXT 2022"]
[Source "ChessBase"]
[SourceDate "2021.10.06"]
[SourceVersion "1"]
[SourceVersionDate "2021.10.06"]
[SourceQuality "1"]

1. e4 e5 2. f4 exf4 3. Nf3 Nc6 4. d4 d5 5. exd5 Qxd5 6. Nc3 Qh5 7. Bxf4 Bf5 8. Bxc7 Nb4 9. Bb5+ Bd7 10. Bxd7+ Kxd7 11. Ne5+ Kxc7 12. Qxh5 Nxc2+ 13. Kd2 Nf6 14. Qxf7+ Kb6 15. Nd5+ Nxd5 16. Kxc2 Rc8+ 17. Kd3 Nb4+ 18. Ke2 Bd6 19. Nd7+ Ka6 20. Nc5+ Bxc5 21. dxc5 Rxc5 22. Qe6+ Nc6 23. Kf2 Rf8+ 24. Kg3 Rcf5 25. Rhf1 Re5 26. Qxe5 1-0